<?xml version="1.0" encoding="UTF-8"?>
<record
    xmlns:xsi="http://www.w3.org/2001/XMLSchema-instance"
    xsi:schemaLocation="http://www.loc.gov/MARC21/slim http://www.loc.gov/standards/marcxml/schema/MARC21slim.xsd"
    xmlns="http://www.loc.gov/MARC21/slim">

  <leader>02067nam a22002897a 4500</leader>
  <controlfield tag="005">20260130100344.0</controlfield>
  <controlfield tag="008">260129b        |||||||| |||| 00| 0 eng d</controlfield>
  <datafield tag="020" ind1=" " ind2=" ">
    <subfield code="a">9781041279808</subfield>
  </datafield>
  <datafield tag="040" ind1=" " ind2=" ">
    <subfield code="c">AL</subfield>
  </datafield>
  <datafield tag="041" ind1=" " ind2=" ">
    <subfield code="a">English</subfield>
  </datafield>
  <datafield tag="082" ind1=" " ind2=" ">
    <subfield code="a">230</subfield>
    <subfield code="b">LOBL</subfield>
  </datafield>
  <datafield tag="100" ind1=" " ind2=" ">
    <subfield code="a">Lancy Lobo</subfield>
    <subfield code="9">253262</subfield>
  </datafield>
  <datafield tag="245" ind1=" " ind2=" ">
    <subfield code="a">Luminous footprints</subfield>
    <subfield code="b">: the Christian impact on India</subfield>
  </datafield>
  <datafield tag="260" ind1=" " ind2=" ">
    <subfield code="a">London</subfield>
    <subfield code="b">Routledge</subfield>
    <subfield code="c">2026</subfield>
  </datafield>
  <datafield tag="300" ind1=" " ind2=" ">
    <subfield code="a">xviii,152p.</subfield>
    <subfield code="b">HB</subfield>
    <subfield code="c">23.5x16cm</subfield>
  </datafield>
  <datafield tag="365" ind1=" " ind2=" ">
    <subfield code="a">IN-4082</subfield>
    <subfield code="b">&#x20B9;1206.40</subfield>
    <subfield code="c">&#x20B9;</subfield>
    <subfield code="d">&#x20B9;1295.00</subfield>
    <subfield code="f">14-01-2026</subfield>
  </datafield>
  <datafield tag="520" ind1=" " ind2=" ">
    <subfield code="a">Christianity in the Indian subcontinent is as old as Christianity itself, although Christians have consistently remained a small minority within the broader population. This book delves into the encounters between Christianity and the Indian people across various historical periods, highlighting the exchange of knowledge and ideas.
This book examines the influence of Christianity on Indian society, focusing on the cultural, economic, and intellectual contributions of Christians across various domains&#x2014;including education, healthcare, social services, economic development, the arts, architecture, languages, culture, politics, public administration, and the armed forces. The book examines key figures, organisations and institutions to trace the significant role Christians have played in the country's freedom struggle, nation-building efforts, and social development, leaving a lasting impact on the shaping of modern India.
This book will be of interest to general readers and students and researchers of social science, religion, history, anthropology, sociology, and political science.
</subfield>
  </datafield>
  <datafield tag="650" ind1=" " ind2=" ">
    <subfield code="a">Christianity in India through history</subfield>
    <subfield code="9">253239</subfield>
  </datafield>
  <datafield tag="650" ind1=" " ind2=" ">
    <subfield code="a">Influence on Indian society</subfield>
    <subfield code="9">253240</subfield>
  </datafield>
  <datafield tag="650" ind1=" " ind2=" ">
    <subfield code="a">Education </subfield>
    <subfield code="9">253241</subfield>
  </datafield>
  <datafield tag="650" ind1=" " ind2=" ">
    <subfield code="a">Healthcare and social services</subfield>
    <subfield code="9">253242</subfield>
  </datafield>
  <datafield tag="650" ind1=" " ind2=" ">
    <subfield code="a">Economic and intellectual contributions</subfield>
    <subfield code="9">253243</subfield>
  </datafield>
  <datafield tag="650" ind1=" " ind2=" ">
    <subfield code="a">Art language and culture </subfield>
    <subfield code="9">253244</subfield>
  </datafield>
  <datafield tag="650" ind1=" " ind2=" ">
    <subfield code="a">Politics administration and professional services</subfield>
    <subfield code="9">253245</subfield>
  </datafield>
  <datafield tag="700" ind1=" " ind2=" ">
    <subfield code="a">Fernandes, Denzil</subfield>
    <subfield code="9">253246</subfield>
  </datafield>
  <datafield tag="942" ind1=" " ind2=" ">
    <subfield code="2">ddc</subfield>
    <subfield code="c">BK</subfield>
  </datafield>
  <datafield tag="999" ind1=" " ind2=" ">
    <subfield code="c">240839</subfield>
    <subfield code="d">240839</subfield>
  </datafield>
  <datafield tag="952" ind1=" " ind2=" ">
    <subfield code="0">0</subfield>
    <subfield code="1">0</subfield>
    <subfield code="2">ddc</subfield>
    <subfield code="4">0</subfield>
    <subfield code="7">0</subfield>
    <subfield code="8">MAN</subfield>
    <subfield code="a">AL</subfield>
    <subfield code="b">AL</subfield>
    <subfield code="c">SK</subfield>
    <subfield code="d">2026-01-23</subfield>
    <subfield code="e">amazon.in</subfield>
    <subfield code="g">1206.40</subfield>
    <subfield code="l">1</subfield>
    <subfield code="o">230 LOBL</subfield>
    <subfield code="p">078085</subfield>
    <subfield code="r">2026-04-09 09:42:52</subfield>
    <subfield code="s">2026-02-26</subfield>
    <subfield code="v">1295.00</subfield>
    <subfield code="w">2026-01-14</subfield>
    <subfield code="y">BK</subfield>
  </datafield>
</record>
